1: Per la prima classe dei ginnasii delle scuole tecniche e del corso preparatorio
Guardado en:
| Autor principal: | |
|---|---|
| Formato: | Libro |
| Lenguaje: | italiano |
| Publicado: |
Bergamo :
Istituto Italiano d'arti grafiche,
1898
|
| Catálogo: | EDISCO: Resultados de Búsqueda del Catálogo |
| Clasificación de libros de texto: |
|
| Materias: | |
| Acceso en línea: | Scarica il manuale digitalizzato |
| Etiquetas: |
Agregar Etiqueta
Sin Etiquetas, Sea el primero en etiquetar este registro!
|
| Añadido a: | 2003-07-02 |
| Cambiado en: | 2024-01-26 |
MARC
| LEADER | 00000nam a22000007ib4500 | ||
|---|---|---|---|
| 001 | IT\ICCU\TO0\1227168 | ||
| 003 | ItRI | ||
| 005 | 20240126160439.0 | ||
| 008 | 030703s1898 it |||||| ||||| |||||c | ||
| 040 | |b ita |c Polo_Uto | ||
| 041 | 7 | |a ita |2 ISO-639-2 | |
| 100 | 1 | |a Roggero, Giuseppe, |d (1842-1904) |0 IT\ICCU\RAVV\070866 |4 Author |9 4231 | |
| 245 | 1 | 3 | |a 1: Per la prima classe dei ginnasii delle scuole tecniche e del corso preparatorio / |c a cura dei professori G. Roggero ...[et al.]. |
| 260 | |a Bergamo : |b Istituto Italiano d'arti grafiche, |c 1898 | ||
| 300 | |a 52 p., 7 c. di tav. : |b c. geogr., 4 p. ; |c 31 cm | ||
| 650 | |a Geografia |9 4238 | ||
| 655 | |a Atlante |9 4239 |a Manuale |9 4240 | ||
| 690 | |a Secondaria inferiore |x Ginnasio inferiore |x Scuola tecnica |9 4241 | ||
| 773 | 0 | |w 1227157 |t Testo-atlante scolastico di geografia moderna astronomica fisica antropologica |g 1 | |
| 856 | |u https://drive.google.com/open?id=1sxk_3WwDHEIAtQLBwTS_Bsfv57S0Qjpg&usp=drive_fs |y Scarica il manuale digitalizzato | ||
| 942 | |2 ddc |c BK | ||
| 981 | 1 | |6 z01 |a i |b xxxe | |
| 982 | 1 | |6 z01 |a n | |
| 999 | |c 26751 |d 26751 | ||
| 999 | |c edisco:26751 |d 26751 | ||